| 000 | 02022nam2a2200349 4500 | ||
|---|---|---|---|
| 001 | RU\NLR\bibl\1086883 | ||
| 005 | 20250630112747.0 | ||
| 010 |
_a5-902079-46-2 _9100 |
||
| 021 |
_aRU _b2006-16201п _9606 |
||
| 035 | _a(NLR Aleph) 001074043 | ||
| 090 |
_a1016887 _c1016887 |
||
| 100 | _a20070516d2005 |||y0rusy50 ca | ||
| 101 | 0 | _arus | |
| 102 | _aRU | ||
| 105 | _ay ||||||||| | ||
| 200 | 1 |
_aГуманистическая профессиональная школа _e(образ, рефлексия, практическая поддержка и развитие личности) _e[сборник статей] |
|
| 210 |
_aСтаврополь _cИзд-во НОУ "Северо-Кавказский социальный институт" _d2005 |
||
| 215 |
_a103 с. _d20 |
||
| 225 | 1 |
_aСоциальная работа: региональный контекст _eнаучно-популярный альманах _vвып. 3: спец. вып. |
|
| 320 | _aБиблиогр. в конце ст. | ||
| 461 | 0 |
_1001RU\NLR\INFOCOMM9\5000117095 _12001#$aСоциальная работа: региональный контекст$eНауч.-попул. альм.$vВып. 3 (спец. вып.) _94065667 _cСтаврополь _d2003- _nСтаврополь сервис школа _oНауч.-попул. альм. _tСоциальная работа: региональный контекст _vВып. 3 (спец. вып.) |
|
| 601 | 0 | 2 |
_aСеверо-Кавказский социальный институт _cСтаврополь, город _jСборники _xПреподавание _92477805 _3RU\NLR\auth\661471125 |
| 606 | 1 |
_aВысшее образование _jСборники _xГуманизация _yРоссийская Федерация _92477817 _3RU\NLR\auth\661471133 |
|
| 686 | _aЧ489.112я43 | ||
| 686 | _aЧ481.21я43 | ||
| 801 | 0 |
_aRU _bNLR _c20070516 _gRCR |
|
| 801 | 1 |
_aRU _bNLR _c20070516 |
|
| 852 |
_aNLR _jП25/443 |
||
| 942 | _cISSUE | ||
| 980 | _aNB | ||